Llibre blanc del patrimoni fotogràfic a Catalunya / direcció, Cristina Zelich ; coordinació, Josep Rigol
Descripción Física:
117 p. ; 30 cm
Otros Autores:
Rigol, Josep, coord
Materias:
Fotografies -- Conservació i restauració
MARC
| LEADER | 00000nam a2200000Ia 4500 | ||
|---|---|---|---|
| 001 | 11405 | ||
| 008 | 160829s1996 xx 000 0 cat d | ||
| 080 | |a A-1-50 | ||
| 100 | |a Zelich, Cristina |9 34762 | ||
| 245 | |a Llibre blanc del patrimoni fotogràfic a Catalunya / direcció, Cristina Zelich ; coordinació, Josep Rigol | ||
| 260 | |a Barcelona : |b Generalitat de Catalunya, Departament de Cultura, |c 1996 | ||
| 300 | |a 117 p. ; |c 30 cm | ||
| 650 | |a Fotografies |x Conservació i restauració |9 21097 | ||
| 700 | |a Rigol, Josep, coord. |9 34763 | ||
| 710 | 2 | |a Catalunya. |b Departament de Cultura |9 52819 | |
| 901 | |a Arxiu | ||
| 942 | |n 1 | ||
| 952 | |0 0 |1 0 |4 0 |6 A150 |7 1 |9 46634 |a Arxiu |b Arxiu |d 2016-12-01 |l 0 |o A-1-50 |p 11405 |r 2016-12-01 00:00:00 |w 2016-12-01 |y ARXIU | ||
| 999 | |c 50427 |d 50427 | ||